The port of Leningrad.

Bibliographic Details
Corporate Author: Baltic Shipping Company
Format: Book
Language:English
Published: [Place of publication not identified] : Baltic Shipping Company, [between 1970 and 1979?]
Subjects:

MARC

Tag First Indicator Second Indicator Subfields
LEADER 00000cam a2200000Ia 4500
001 in00002007441
005 20151031141656.0
008 041021s197u xx a 000 0 eng d
035 |a (OCoLC)ocm56791440 
040 |a TXA  |c TXA  |d UtOrBLW 
043 |a e-ru---  |a ln----- 
049 |a TXAM 
090 |a HE558.S27  |b P67 1970z 
245 0 4 |a The port of Leningrad. 
264 1 |a [Place of publication not identified] :  |b Baltic Shipping Company,  |c [between 1970 and 1979?] 
300 |a 24 pages :  |b color illustrations ;  |c 22 cm. 
336 |a text  |b txt  |2 rdacontent 
337 |a unmediated  |b n  |2 rdamedia 
338 |a volume  |b nc  |2 rdacarrier 
500 |a Cover title. 
650 0 |a Harbors  |z Russia (Federation)  |z Saint Petersburg. 
650 0 |a Harbors  |z Baltic Sea Region. 
651 0 |a Saint Petersburg (Russia)  |x Commerce. 
710 2 |a Baltic Shipping Company. 
910 |a ccs3107 
947 |a A14830985009 
994 |a 02  |b TXA 
999 |a MARS 
999 f f |s 84c4a997-b0d8-30a2-987f-f16fd3900c13  |i f24a31fa-a7be-3367-b278-b283958a4329  |t 0 
952 f f |p ric  |a Texas A&M University  |b Rellis Campus  |c Joint Library Facility  |d Remote Storage  |t 0  |e HE558.S27 P67 1970z  |h Library of Congress classification  |i unmediated -- volume  |m A14830985009 
998 f f |a HE558.S27 P67 1970z  |t 0  |l Remote Storage